00468nam a2200157Ia 450000500170000000800410001708200130005810000210007124500340009226000440012630000120017065000100018294200060019295200970019899900150029520250428005258.0240331s9999 xx 000 0 und d bHAPa891 aHaputhanthri,L.I 0aGarhithayage nidi nethi sitha aColombobWomen & Media Collectivec1988 a36 p ., aPoems cL 001040708LaWERCLbWERCLcSSCd2024-03-31l0o 891.48 HAPp959r2024-03-31w2024-03-31yL c4843d4843